Evensong / Stewart O'Nan.
Available copies
- 2 of 2 copies available at LARL/NWRL Consortium.
- 2 of 2 copies available at Lake Agassiz Regional Library. (Show preferred library)
Current holds
0 current holds with 2 total copies.
Show Only Available Copies
| Location | Call Number / Copy Notes | Barcode | Shelving Location | Status | Due Date |
|---|---|---|---|---|---|
| Ada Public Library | ONA (Text) | 33500014307797 | New | Available | - |
| Moorhead Public Library | ONA (Text) | 33500014307805 | New | Available | - |
Record details
- ISBN: 9780802166432
- ISBN: 0802166431
- Physical Description: 285 pages ; 24 cm
- Edition: First edition.
- Publisher: New York : Atlantic Monthly Press, 2025.
- Copyright: ©2025
Content descriptions
| Summary, etc.: | The Humpty Dumpty Club is distraught when their ... Read More |
Search for related items by subject
| Genre: | Domestic fiction. Novels. |
Search for related items by series
| LDR | 03574cam a2200637 i 4500 | ||
|---|---|---|---|
| 001 | 470930 | ||
| 003 | LARL_NWRL_CONSORTIUM | ||
| 005 | 20251128203140.0 | ||
| 008 | 250715t20252025nyu 000 f eng | ||
| 007 | ta | ||
| 010 | . | ‡a 2025029728 | |
| 040 | . | ‡aDLC ‡beng ‡erda ‡cDLC ‡dOCLCO ‡dIG# ‡dIH9 ‡dOCLCO ‡dMWD ‡dYDX ‡dJQM | |
| 020 | . | ‡a9780802166432 ‡qhardcover | |
| 020 | . | ‡a0802166431 ‡qhardcover | |
| 020 | . | ‡z9780802166449 ‡qelectronic book | |
| 035 | . | ‡a(OCoLC)1500584217 | |
| 042 | . | ‡apcc | |
| 082 | 0 | 4. | ‡a813/.54 ‡223/eng/20251110 |
| 100 | 1 | . | ‡aO'Nan, Stewart, ‡d1961- ‡eauthor. ‡4aut ‡4http://id.loc.gov/vocabulary/relators/aut ‡1https://id.oclc.org/worldcat/entity/E39PBJmDfJRRdqJGbBHjJ6jpyd ‡1http://id.loc.gov/rwo/agents/n87839494 ‡0(LARL_NWRL_CONSORTIUM)92405 |
| 245 | 1 | 0. | ‡aEvensong / ‡cStewart O'Nan. |
| 246 | 3 | . | ‡aEven song |
| 250 | . | ‡aFirst edition. | |
| 250 | . | ‡aFirst Grove Atlantic hardcover edition. | |
| 264 | 1. | ‡aNew York : ‡bAtlantic Monthly Press, ‡c2025. | |
| 264 | 4. | ‡c©2025 | |
| 300 | . | ‡a285 pages ; ‡c24 cm | |
| 334 | . | ‡asingle unit ‡bmono ‡0http://id.loc.gov/vocabulary/issuance/mono | |
| 336 | . | ‡atext ‡btxt ‡2rdacontent ‡0http://id.loc.gov/vocabulary/contentTypes/txt | |
| 337 | . | ‡aunmediated ‡bn ‡2rdamedia ‡0http://id.loc.gov/vocabulary/mediaTypes/n | |
| 338 | . | ‡avolume ‡bnc ‡2rdacarrier ‡0http://id.loc.gov/vocabulary/carriers/nc | |
| 490 | 0 | . | ‡aEmily Maxwell ; ‡v3 |
| 520 | . | ‡aThe Humpty Dumpty Club is distraught when their powerhouse leader, Joan Hargrove, takes a bad fall down her stairs, knocking her out of commission. Now, as well as running errands and shepherding those less able to their doctors' appointments, they have to pick up the slack. Between navigating their own relationships and aging bodies and attending choir practice, these invisible yet indomitable women help where they can. They bake cookies, they care for pets, they pick up prescriptions, they sit vigil by the sick, and most of all, they show up for the people they've pledged to help. In the face of death, divorce, and the myriad directions our lives can take, the Humpty Dumpty club represents the power of community and chosen family. | |
| 650 | 0. | ‡aFemale friendship ‡vFiction. ‡0(LARL_NWRL_CONSORTIUM)164947 | |
| 650 | 0. | ‡aOlder women ‡vFiction. ‡0(LARL_NWRL_CONSORTIUM)166489 | |
| 650 | 0. | ‡aCommunity life ‡vFiction. ‡0(LARL_NWRL_CONSORTIUM)164376 | |
| 650 | 0. | ‡aWomen ‡xSocieties and clubs ‡vFiction. | |
| 650 | 0. | ‡aInterpersonal relations ‡vFiction. ‡0(LARL_NWRL_CONSORTIUM)165331 | |
| 650 | 7. | ‡aFriendship ‡vFiction. ‡2sears ‡0(LARL_NWRL_CONSORTIUM)164944 | |
| 650 | 7. | ‡aElderly women ‡vFiction. ‡2sears | |
| 655 | 7. | ‡aDomestic fiction. ‡2lcgft | |
| 655 | 7. | ‡aNovels. ‡2lcgft | |
| 758 | . | ‡1http://id.loc.gov/resources/instances/in00024280908 | |
| 758 | . | ‡4http://id.loc.gov/ontologies/bibframe/instanceOf ‡1http://id.loc.gov/resources/works/in00024280908 | |
| 776 | 0 | 8. | ‡iOnline version ‡4http://id.loc.gov/entities/relationships/onlineversion ‡aO'Nan, Stewart ‡tEvensong ‡bFirst Grove Atlantic hardcover edition ‡dNew York : Atlantic Monthly Press, 2025 ‡z9780802166449 ‡w(DLC) 2025029729 |
| 884 | . | ‡aDLC bibframe2marc v2.10-dev ‡g20250715 ‡qDLC ‡uhttps://github.com/lcnetdev/bibframe2marc/releases/tag/v2.10-dev | |
| 901 | . | ‡a470930 ‡bOCoLC ‡c470930 ‡tbiblio ‡soclc | |

Add to basket
Permalink
Disable Highlighting